01472nam a2200301 a 450000100100000000500170001000800410002702000150006804000250008308200200010810000360012824500880016426000400025230000200029249000180031250000700033065000280040065000310042870000360045983000240049504900090051995201290052895201290065795201290078695201170091595201230103299900150115500000394320240412074201.0090715s2007 pr 000 p spa d a1932271902 aDO-SdBNPbspacBNPHU aRD861.44bG215d1 aGarcía Cuevas, Eugenio91081310aDescendientes del sonido /cEugenio García Cuevas ; corrección Lucinda Ausente. aSanto Domingo :bIsla Negra,c2007. a60 p. ;c22 cm.1 aFilo de juego aIncluye datos biográficos del autor en la solapa de la cubierta 0aPoesía dominicana966 0aLiteratura dominicana.9671 aAusente, Lucinda,ecorr.911862 0aFilo de fuego97107 aBNPD 001054708MOaGRbGRcHDd2010-01-27iLF1l0oRD861.44 G215dp3943-30r2020-06-25te. 3w2020-06-25y4ZPréstamo en sala 001054708MOaGRbGRcHDd2010-01-27iLF1l0oRD861.44 G215dp3943-40r2020-06-25te. 4w2020-06-25y4ZPréstamo en sala 001054708MOaGRbGRcHDd2010-01-27iLF1l0oRD861.44 G215dp3943-50r2020-06-25te. 5w2020-06-25y4ZPréstamo en sala 001050718MOaPDbPDcHDd2009-07-15iLF1l0oRD861.44 G215dp3943-10r2020-06-25w2020-06-25y1ZNo se presta 001050718MOaPDbPDcHDd2010-01-27iLF1l0oRD861.44 G215dp3943-20r2020-06-25te. 2w2020-06-25y1ZNo se presta c3762d3762